| 000 | 00576nam a2200181Ia 4500 | ||
|---|---|---|---|
| 001 | 33473 | ||
| 003 | Ost | ||
| 005 | 20260507160513.0 | ||
| 008 | 251113s9999||||xx |||||||||||||| ||eng|| | ||
| 040 | _cnitttr | ||
| 041 | _aeng | ||
| 082 |
_aTK7874.654 _bW67 2006eb |
||
| 100 | _aRoermund, Arthur H. M. van. | ||
| 245 | 0 |
_aAnalog Circuit Design : _b High-Speed A-D Converters, Automotive Electronics and Ultra-Low Power Wireless / _cRoermund, Arthur H. M. van., Casier, Herman., Steyaert, Michiel |
|
| 700 | _a Casier, Herman. | ||
| 700 | _a Steyaert, Michiel | ||
| 942 | _cBK | ||
| 999 |
_c32618 _d32618 |
||